000 00686nam a2200289Ia 4500
005 20260324130841.0
008 008 260324s9999 xx 000 0 eng d
020 _a9781003062042
037 _aEBOOK
040 _aCRL
040 _beng
040 _cCRL
041 _2eng
041 _aeng
084 _qCRL
100 _aMaria Cristina Paganoni
_91074216
245 4 _aThe Magic Lantern
245 0 _bRepresentations of the Double in Dickens
260 _bTaylor and Francis
260 _c2007
365 _a
365 _b240
856 _uhttp://www.taylorfrancis.com/books/9781003062042
942 _cEBOOK
999 _c1779894
_d1779894